| 000 | 00648nam a2200217Ii 4500 | ||
|---|---|---|---|
| 003 | JO-AjNU | ||
| 008 | 230605s9999||||xx |||||||||||||| ||und|| | ||
| 017 | _a2003/5/859 | ||
| 040 |
_aJO-AjNU _bara _erda _cJO-AjNU |
||
| 041 | _aara | ||
| 050 | 1 | 4 | _aR733 2003 |
| 100 | 3 |
_aحجازي، احمد توفيق, _eauthor _938259 |
|
| 245 | 0 | 0 | _aالطب البديل التداوي بالخضروات |
| 250 | _aط1 | ||
| 264 | 3 | 1 | _aعمان:دار الثقافه ، 2003 |
| 300 | _a80ص | ||
| 336 |
_atext _btxt _2rdacontent |
||
| 337 |
_aunmediated _bn _2rdamedia |
||
| 338 |
_avolume _bnc _2rdacarrier |
||
| 650 | 4 |
_aالطب الشعبي _938260 |
|
| 999 |
_aA16059 _c19627 _d19627 |
||